[Event "Leiden op-B 12th"]
[Site "Leiden"]
[Date "2018.07.13"]
[Round "1"]
[White "Kastelein, Gerard"]
[Black "Vreeburg, Jan"]
[Result "0-1"]
[WhiteElo "1755"]
[BlackElo "1924"]
[PlyCount "48"]
[EventDate "2018.07.13"]
[EventType "swiss"]
[EventRounds "9"]
[EventCountry "NED"]
[SourceTitle "EXT 2019"]
[Source "ChessBase"]
[SourceDate "2018.10.10"]
[SourceVersion "1"]
[SourceVersionDate "2018.10.10"]
[SourceQuality "1"]

1. Nc3 d5 2. e4 dxe4 3. Nxe4 Nf6 4. Qf3 Nbd7 5. d4 Nxe4 6. Qxe4 Nf6 7. Qe5 g6 8. Bc4 Bg7 9. Qb5+ c6 10. Qb3 0-0 11. Nf3 b5 12. Bxf7+ Rxf7 13. Ne5 Qd5 14. Nxf7 Kxf7 15. 0-0 Be6 16. Re1 Qf5 17. Qe3 Ng4 18. Qe2 Bxd4 19. Be3 Bxb2 20. Rad1 Bc3 21. Bd2 Bf6 22. h3 Ne5 23. Bc3 Nf3+ 24. gxf3 Bxc3 0-1

[Event "Leiden LCT op-B 11th"]
[Site "Leiden"]
[Date "2017.07.23"]
[Round "9"]
[White "Kubbenga, Michael"]
[Black "Kastelein, Gerard"]
[Result "1-0"]
[WhiteElo "1896"]
[BlackElo "1742"]
[PlyCount "51"]
[EventDate "2017.07.14"]
[EventType "swiss"]
[EventRounds "9"]
[EventCountry "NED"]
[SourceTitle "EXT 2018"]
[Source "ChessBase"]
[SourceDate "2017.10.13"]
[SourceVersion "1"]
[SourceVersionDate "2017.10.13"]
[SourceQuality "1"]

1. d4 Nc6 2. Nf3 d5 3. c4 Bg4 4. cxd5 Bxf3 5. gxf3 Qxd5 6. e3 e6 7. Nc3 Qh5 8. Bb5 Nge7 9. Qe2 a6 10. f4 Qh4 11. Bd3 0-0-0 12. a3 g5 13. fxg5 h6 14. Bd2 Bg7 15. 0-0-0 hxg5 16. Be1 Qh3 17. Kb1 e5 18. d5 Nb8 19. e4 Nd7 20. Na4 Qh6 21. Bb4 Ng6 22. Qc2 Bf8 23. Rc1 Bd6 24. Ba5 Kb8 25. Bxa6 bxa6 26. Qc6 1-0

[Event "Leiden LCT op-B 11th"]
[Site "Leiden"]
[Date "2017.07.17"]
[Round "4"]
[White "Matai, Rudi"]
[Black "Kastelein, Gerard"]
[Result "1-0"]
[WhiteElo "1866"]
[BlackElo "1742"]
[PlyCount "77"]
[EventDate "2017.07.14"]
[EventType "swiss"]
[EventRounds "9"]
[EventCountry "NED"]
[SourceTitle "EXT 2018"]
[Source "ChessBase"]
[SourceDate "2017.10.13"]
[SourceVersion "1"]
[SourceVersionDate "2017.10.13"]
[SourceQuality "1"]

1. f4 d5 2. Nf3 Nc6 3. e3 Bg4 4. Be2 Nf6 5. h3 Bxf3 6. Bxf3 e5 7. fxe5 Nxe5 8. b3 Ne4 9. Bxe4 Qh4+ 10. Ke2 dxe4 11. Qf1 Qh5+ 12. Ke1 Be7 13. d4 exd3 14. cxd3 Qg6 15. d4 Bh4+ 16. Kd2 0-0-0 17. g4 Qc6 18. Qf5+ Nd7 19. Rh2 g6 20. Qf4 Be1+ 21. Kd1 h5 22. Rc2 Nc5 23. Ke2 Qb5+ 24. Rc4 Ne6 25. Qxf7 Qd5 26. Kxe1 hxg4 27. Nc3 Qh1+ 28. Kd2 Qg2+ 29. Kd3 Rhe8 30. Nb5 Kb8 31. hxg4 a6 32. Nxc7 Nxc7 33. Qxc7+ Ka8 34. b4 Qxg4 35. Qf4 Qe6 36. Bd2 Rf8 37. Qe4 Qf7 38. Rac1 Rfe8 39. Rc7 1-0

[Event "Maastricht Limburg op-B 9th"]
[Site "Maastricht"]
[Date "2015.05.24"]
[Round "4"]
[White "Kastelein, Gerard"]
[Black "Snoeck, Rene"]
[Result "0-1"]
[WhiteElo "1816"]
[BlackElo "1956"]
[PlyCount "37"]
[EventDate "2015.05.22"]
[EventType "swiss"]
[EventRounds "7"]
[EventCountry "NED"]
[SourceTitle "EXT 2016"]
[Source "ChessBase"]
[SourceDate "2015.10.08"]
[SourceVersion "1"]
[SourceVersionDate "2015.10.08"]
[SourceQuality "1"]

1. c4 c6 2. Nc3 d5 3. d4 Nf6 4. Bf4 e6 5. Nf3 Nbd7 6. cxd5 exd5 7. e3 Be7 8. Bd3 0-0 9. Ne5 Re8 10. 0-0 Nf8 11. Bg3 Bb4 12. Qf3 Ng6 13. Bxg6 hxg6 14. Bh4 Be6 15. Qg3 Be7 16. f4 Nh5 17. Bxe7 Nxg3 18. Bxd8 Nxf1 19. Kxf1 0-1

[Event "Maastricht Limburg op-B 9th"]
[Site "Maastricht"]
[Date "2015.05.23"]
[Round "2"]
[White "Kastelein, Gerard"]
[Black "Meyer, Stefan2222"]
[Result "0-1"]
[WhiteElo "1816"]
[BlackElo "1768"]
[PlyCount "70"]
[EventDate "2015.05.22"]
[EventType "swiss"]
[EventRounds "7"]
[EventCountry "NED"]
[SourceTitle "EXT 2016"]
[Source "ChessBase"]
[SourceDate "2015.10.08"]
[SourceVersion "1"]
[SourceVersionDate "2015.10.08"]
[SourceQuality "1"]

1. c4 Nf6 2. g3 e6 3. Bg2 d5 4. d4 Nc6 5. Nf3 dxc4 6. 0-0 Rb8 7. a4 Be7 8. Qc2 Na5 9. Nbd2 0-0 10. Nxc4 Nxc4 11. Qxc4 b6 12. Ne5 Bd7 13. Bc6 Qe8 14. Bxd7 Nxd7 15. Nc6 Ra8 16. Nxe7+ Qxe7 17. Qxc7 Rfc8 18. Qb7 Rcb8 19. Qe4 Qb4 20. Bf4 Re8 21. Qb7 Nf6 22. a5 Nd5 23. Be5 f6 24. e4 fxe5 25. exd5 bxa5 26. Qa6 exd4 27. dxe6 Qb6 28. Qc4 Rac8 29. Qa2 Qxe6 30. Qxa5 d3 31. Rfe1 Qd7 32. Qa2+ Kh8 33. Rxe8+ Rxe8 34. Qxa7 Qxa7 35. Rxa7 d2 0-1

[Event "Maastricht Limburg op-B 9th"]
[Site "Maastricht"]
[Date "2015.05.23"]
[Round "3"]
[White "Veelenturf, Wim"]
[Black "Kastelein, Gerard"]
[Result "1/2-1/2"]
[WhiteElo "1712"]
[BlackElo "1816"]
[PlyCount "45"]
[EventDate "2015.05.22"]
[EventType "swiss"]
[EventRounds "7"]
[EventCountry "NED"]
[SourceTitle "EXT 2016"]
[Source "ChessBase"]
[SourceDate "2015.10.08"]
[SourceVersion "1"]
[SourceVersionDate "2015.10.08"]
[SourceQuality "1"]

1. e4 Nc6 2. f4 e5 3. d3 d5 4. exd5 Qxd5 5. Qf3 Qe6 6. Ne2 Nf6 7. Nbc3 Nb4 8. Kd1 Bd6 9. a3 Nbd5 10. Nxd5 Nxd5 11. f5 Qxf5 12. Qxd5 Qh5 13. h3 0-0 14. Qf3 Qg6 15. Qg3 Qh5 16. Qg5 Qg6 17. Nc3 Qe6 18. Be2 Be7 19. Qg3 f5 20. Qf3 c6 21. g4 e4 22. dxe4 fxg4 23. Qg3 1/2-1/2

[Event "Maastricht Limburg op-B 8th"]
[Site "Maastricht"]
[Date "2014.06.09"]
[Round "7"]
[White "Kastelein, Gerard"]
[Black "Van Ginneken, Jeroen"]
[Result "1-0"]
[WhiteElo "1802"]
[BlackElo "1753"]
[PlyCount "47"]
[EventDate "2014.06.06"]
[EventType "swiss"]
[EventRounds "7"]
[EventCountry "NED"]
[SourceTitle "EXT 2015"]
[Source "ChessBase"]
[SourceDate "2014.11.20"]
[SourceVersion "1"]
[SourceVersionDate "2014.11.20"]
[SourceQuality "1"]

1. d4 d5 2. Bf4 Nf6 3. Nc3 Bd7 4. Nf3 e6 5. e3 c5 6. Ne5 Nc6 7. Be2 Qb6 8. Nxd7 Nxd7 9. Nb5 Rc8 10. dxc5 Bxc5 11. 0-0 a6 12. Nc3 Qxb2 13. Nxd5 exd5 14. Qxd5 Qc3 15. Rab1 b5 16. Rb3 Qf6 17. Bg4 Qe7 18. Bxd7+ Qxd7 19. Qxc5 Ne7 20. Qe5 0-0 21. Rd3 Qb7 22. Bg5 Ng6 23. Qf5 Rxc2 24. h4 1-0

[Event "Maastricht Limburg op-B 8th"]
[Site "Maastricht"]
[Date "2014.06.08"]
[Round "4"]
[White "Kastelein, Gerard"]
[Black "Rosenbrand, Stefan"]
[Result "0-1"]
[WhiteElo "1802"]
[BlackElo "1706"]
[PlyCount "64"]
[EventDate "2014.06.06"]
[EventType "swiss"]
[EventRounds "7"]
[EventCountry "NED"]
[SourceTitle "EXT 2015"]
[Source "ChessBase"]
[SourceDate "2014.11.20"]
[SourceVersion "1"]
[SourceVersionDate "2014.11.20"]
[SourceQuality "1"]

1. d4 Nf6 2. Bg5 d5 3. Nf3 Ne4 4. Bf4 c5 5. dxc5 f6 6. Bxb8 Rxb8 7. b4 e5 8. e3 Be6 9. Bb5+ Kf7 10. c3 b6 11. c6 Qc7 12. Qa4 Nd6 13. Na3 Nxb5 14. Nxb5 Qxc6 15. Qxa7+ Rb7 16. Qa6 Bd7 17. 0-0 Rb8 18. Rfd1 Qxb5 19. Qa7 Be7 20. c4 Qc6 21. Rxd5 Be6 22. Rxe5 Ra8 23. Rxe6 Qxe6 24. Qc7 Rhc8 25. Qf4 Kg8 26. h4 Bd6 27. Nd4 Bxf4 28. Nxe6 Be5 29. Rd1 Rc6 30. Nd4 Bxd4 31. Rxd4 Rac8 32. c5 bxc5 0-1

[Event "Spijkenisse op-B 3rd"]
[Site "Spijkenisse"]
[Date "2013.10.26"]
[Round "2"]
[White "Kastelein, Gerard"]
[Black "De Wilde, Steven"]
[Result "0-1"]
[WhiteElo "1749"]
[BlackElo "1629"]
[PlyCount "54"]
[EventDate "2013.10.25"]
[EventType "swiss"]
[EventRounds "6"]
[EventCountry "NED"]
[SourceTitle "EXT 2014"]
[Source "ChessBase"]
[SourceDate "2013.11.20"]
[SourceVersion "1"]
[SourceVersionDate "2013.11.20"]
[SourceQuality "1"]

1. d4 c5 2. c3 e6 3. e4 d5 4. dxc5 Bxc5 5. Qg4 Nf6 6. Qxg7 Rg8 7. Qh6 Bxf2+ 8. Kd1 dxe4+ 9. Kc2 Rg6 10. Qf4 Bc5 11. b4 Bd6 12. Bb5+ Nc6 13. Qf1 Bd7 14. Nh3 Rc8 15. Kb3 Qb6 16. a4 a6 17. Bxc6 Bxc6 18. Nf4 Bxf4 19. Bxf4 Bd5+ 20. Ka3 e3 21. Rg1 e2 22. Qe1 Rc4 23. Be5 a5 24. b5 Rgg4 25. Bd4 Rgxd4 26. cxd4 Qxd4 27. Nc3 Rxc3+ 0-1

[Event "Spijkenisse op-B 3rd"]
[Site "Spijkenisse"]
[Date "2013.10.25"]
[Round "1"]
[White "Reljic, Mane"]
[Black "Kastelein, Gerard"]
[Result "0-1"]
[WhiteElo "1495"]
[BlackElo "1749"]
[PlyCount "88"]
[EventDate "2013.10.25"]
[EventType "swiss"]
[EventRounds "6"]
[EventCountry "NED"]
[SourceTitle "EXT 2014"]
[Source "ChessBase"]
[SourceDate "2013.11.20"]
[SourceVersion "1"]
[SourceVersionDate "2013.11.20"]
[SourceQuality "1"]

1. e4 Nc6 2. Nf3 d5 3. exd5 Qxd5 4. Nc3 Qa5 5. d4 Bg4 6. Be2 0-0-0 7. Be3 e5 8. d5 Bb4 9. 0-0 f5 10. Ng5 Nh6 11. f3 Bxc3 12. bxc3 Rxd5 13. Qe1 f4 14. fxg4 fxe3 15. Ne4 Qa4 16. Bd3 Nxg4 17. h3 Nf2 18. Nxf2 exf2+ 19. Rxf2 g6 20. Qf1 Rhd8 21. Rf8 Qa3 22. Rxd8+ Rxd8 23. Qe1 Rf8 24. Kh2 Qc5 25. Be4 Nd8 26. Rd1 Qf2 27. Rxd8+ Kxd8 28. Qd1+ Kc8 29. Qd5 Qb6 30. Qxe5 Qd6 31. Qxd6 cxd6 32. Kg3 b6 33. Kg4 Kd7 34. Kg5 Ke6 35. c4 Ke5 36. Bd5 Kd4 37. Kh6 b5 38. Kxh7 bxc4 39. Bc6 d5 40. Ba4 Rf6 41. Kg7 Ke5 42. Bd7 Rb6 43. Bg4 d4 44. a4 a5 0-1

[Event "Maastricht Limburg op-B 7th"]
[Site "Maastricht"]
[Date "2013.05.19"]
[Round "4"]
[White "Geboers, Jimmy"]
[Black "Kastelein, Gerard"]
[Result "1-0"]
[WhiteElo "1923"]
[BlackElo "1817"]
[PlyCount "101"]
[EventDate "2013.05.17"]
[EventType "swiss"]
[EventRounds "7"]
[EventCountry "NED"]
[SourceTitle "EXT 2014"]
[Source "ChessBase"]
[SourceDate "2013.11.20"]
[SourceVersion "1"]
[SourceVersionDate "2013.11.20"]
[SourceQuality "1"]

1. d4 Nc6 2. Nf3 d5 3. Bf4 Bg4 4. e3 e6 5. c4 Bb4+ 6. Nc3 dxc4 7. Bxc4 Nf6 8. Bg5 h6 9. Bh4 g5 10. Bg3 Ne4 11. Qb3 Qe7 12. Bd3 Bf5 13. 0-0-0 Nxc3 14. bxc3 Ba3+ 15. Kc2 Bxd3+ 16. Kxd3 0-0-0 17. Rb1 b6 18. Qa4 Kb7 19. Ne5 Nxe5+ 20. Bxe5 f6 21. Bxc7 Qxc7 22. Qxa3 e5 23. Rhc1 Rhe8 24. Rb4 exd4 25. cxd4 Qh7+ 26. Ke2 Rc8 27. Rbc4 Rxc4 28. Rxc4 Qf5 29. Qd6 Qg4+ 30. Kd2 Rc8 31. Qe7+ Ka8 32. Rc7 Rxc7 33. Qxc7 Qe6 34. Kd3 f5 35. f3 h5 36. Qc4 Qd6 37. g3 Kb7 38. Qc3 Qd5 39. e4 fxe4+ 40. fxe4 Qxa2 41. d5 Qxh2 42. Kd4 Qf2+ 43. Ke5 Qf8 44. Qc6+ Ka6 45. d6 Qg7+ 46. Ke6 Qg6+ 47. Kd7 Qf7+ 48. Kc8 Qf8+ 49. Kc7 Qg7+ 50. d7 Qe5+ 51. Kc8 1-0

[Event "Hilversum op-B"]
[Site "Hilversum"]
[Date "2010.07.04"]
[Round "9"]
[White "Kastelein, Gerard"]
[Black "Burer, Audry"]
[Result "1/2-1/2"]
[WhiteElo "1804"]
[BlackElo "1952"]
[PlyCount "82"]
[EventDate "2010.06.26"]
[EventType "swiss"]
[EventRounds "9"]
[EventCountry "NED"]
[SourceTitle "CBM 137 Extra"]
[Source "ChessBase"]
[SourceDate "2010.09.01"]
[SourceVersion "1"]
[SourceVersionDate "2010.09.01"]
[SourceQuality "1"]

1. d4 g6 2. e4 d6 3. Nc3 Bg7 4. Bg5 Nf6 5. e5 Ng8 6. f4 f6 7. exf6 Nxf6 8. Nf3 0-0 9. Bd3 Nc6 10. Qd2 d5 11. h3 Nb4 12. g4 Nxd3+ 13. Qxd3 c6 14. Ne5 Qe8 15. 0-0-0 Nd7 16. Rdf1 Nxe5 17. fxe5 b5 18. Rxf8+ Qxf8 19. Rf1 Qe8 20. Qf3 Be6 21. Ne2 h6 22. Be3 Qd7 23. Qg3 Rf8 24. Rxf8+ Bxf8 25. Nf4 g5 26. Nd3 Qe8 27. Nc5 Qg6 28. b4 Bf7 29. Qf3 e6 30. Nd3 Be7 31. a3 Kg7 32. Nf2 Bg8 33. Bd2 Bh7 34. Qc3 Qe8 35. Nh1 Be4 36. Ng3 Bg6 37. Qe3 Qf8 38. h4 Kh7 39. h5 Be8 40. Qd3+ Kg7 41. Qe2 Qf7 1/2-1/2

[Event "NBSB-chB"]
[Site "Roosendaal"]
[Date "2009.08.30"]
[Round "6"]
[White "Huijser, Peter"]
[Black "Kastelein, Gerard"]
[Result "0-1"]
[WhiteElo "1696"]
[BlackElo "1757"]
[PlyCount "60"]
[EventDate "2009.08.28"]
[EventType "swiss (rapid)"]
[EventRounds "6"]
[EventCountry "NED"]
[SourceTitle "CBM 132 Extra"]
[Source "ChessBase"]
[SourceDate "2009.11.03"]
[SourceVersion "1"]
[SourceVersionDate "2009.11.03"]
[SourceQuality "1"]

1. d4 d5 2. c4 Nc6 3. e3 e5 4. cxd5 Qxd5 5. Nc3 Bb4 6. Bd2 Bxc3 7. Bxc3 e4 8. h3 Nf6 9. Ne2 0-0 10. Ng3 h5 11. b3 h4 12. Ne2 Nh5 13. Qd2 a5 14. Bb2 Nf6 15. Nc3 Qd8 16. Ba3 Nb4 17. Na4 Qd6 18. Bxb4 axb4 19. Rc1 Bd7 20. Nc5 Bc6 21. Rc2 b6 22. Na6 Nd5 23. Bc4 Nc3 24. a3 b5 25. Nxb4 Nb1 26. Qc1 Nxa3 27. Nxc6 Nxc2+ 28. Qxc2 bxc4 29. Qxc4 Ra1+ 30. Ke2 Rxh1 0-1

[Event "NBSB-chB"]
[Site "Roosendaal"]
[Date "2009.08.30"]
[Round "5"]
[White "Kastelein, Gerard"]
[Black "Van Weersel, Henk"]
[Result "0-1"]
[WhiteElo "1757"]
[BlackElo "1658"]
[PlyCount "89"]
[EventDate "2009.08.28"]
[EventType "swiss (rapid)"]
[EventRounds "6"]
[EventCountry "NED"]
[SourceTitle "CBM 132 Extra"]
[Source "ChessBase"]
[SourceDate "2009.11.03"]
[SourceVersion "1"]
[SourceVersionDate "2009.11.03"]
[SourceQuality "1"]

1. Nf3 d5 2. d4 e6 3. g3 c5 4. c4 Nc6 5. Bg2 Nf6 6. 0-0 Be7 7. Nc3 0-0 8. cxd5 exd5 9. dxc5 Bxc5 10. Bg5 Be6 11. Rc1 Be7 12. Nd4 Nxd4 13. Qxd4 Qd7 14. a4 a6 15. Rfd1 Rfd8 16. b4 Rac8 17. a5 Rc4 18. Qd2 Bxb4 19. Bxf6 gxf6 20. Bxd5 Bxd5 21. e4 Be6 22. Qh6 Qe7 23. Nd5 Bxd5 24. Rxd5 Rxc1+ 25. Qxc1 Rxd5 26. exd5 Bxa5 27. Qc8+ Bd8 28. Qg4+ Kh8 29. Kg2 b5 30. h4 Qe5 31. Qd7 Qe7 32. Qg4 b4 33. h5 h6 34. Qf4 Qf8 35. d6 a5 36. Qe3 Qxd6 37. Qxh6+ Kg8 38. Qe3 Qe5 39. Qd3 Bb6 40. Qd7 Qxh5 41. Qc8+ Kg7 42. Qd7 b3 43. f3 b2 44. Qd3 Qc5 45. Qe4 0-1